[Event "Liepajas Rokade op"]
[Site "Liepaja"]
[Date "2015.08.07"]
[Round "9"]
[White "Daskevics, Vadims"]
[Black "Bernotas, Arturs"]
[Result "1-0"]
[WhiteElo "2441"]
[BlackElo "2292"]
[PlyCount "69"]
[EventDate "2015.08.06"]
[EventType "swiss (rapid)"]
[EventRounds "13"]
[EventCountry "LAT"]
[SourceTitle "CBM 167 Extra"]
[Source "ChessBase"]
[SourceDate "2015.09.14"]
[SourceVersion "1"]
[SourceVersionDate "2015.09.14"]
[SourceQuality "1"]

1. Nf3 Nf6 2. c4 e6 3. g3 d5 4. b3 d4 5. Bg2 Nc6 6. 0-0 Bc5 7. e3 0-0 8. exd4 Nxd4 9. Nc3 c6 10. Bb2 Nxf3+ 11. Bxf3 e5 12. Qc2 Bd4 13. Rfe1 Bg4 14. Bg2 Qd7 15. Nd1 Rad8 16. Ne3 Bxb2 17. Qxb2 Qxd2 18. Qxe5 Rfe8 19. Qc5 Bh5 20. h3 Qd4 21. Qb4 Qb6 22. Qc3 Qd4 23. Qa5 Qb6 24. Qa3 a6 25. c5 Qc7 26. Nf5 Bg6 27. Nd6 Rxe1+ 28. Rxe1 b6 29. Qxa6 bxc5 30. Nc4 Nd5 31. Qa5 Qxa5 32. Nxa5 Nb4 33. Nxc6 Nxc6 34. Bxc6 Kf8 35. a4 1-0

[Event "Bergamo op 11th"]
[Site "Bergamo"]
[Date "2012.07.15"]
[Round "6"]
[White "Cacciola, Alfredo"]
[Black "Daskevics, Vadims"]
[Result "1/2-1/2"]
[WhiteElo "2087"]
[BlackElo "2457"]
[PlyCount "110"]
[EventDate "2012.07.13"]
[EventType "swiss"]
[EventRounds "6"]
[EventCountry "ITA"]
[SourceTitle "CBM 149 Extra"]
[Source "ChessBase"]
[SourceDate "2012.08.24"]
[SourceVersion "1"]
[SourceVersionDate "2012.08.24"]
[SourceQuality "1"]

1. e4 c5 2. Nf3 Nc6 3. d4 cxd4 4. Nxd4 Nf6 5. Nc3 d6 6. Be2 e5 7. Nf3 h6 8. h3 Be6 9. 0-0 Be7 10. Re1 0-0 11. Bf1 Qd7 12. Nd5 Bd8 13. c4 Nh7 14. Bd2 Ng5 15. Nxg5 Bxg5 16. Bc3 Rac8 17. a4 g6 18. b4 f5 19. exf5 gxf5 20. Ra3 Qf7 21. f4 Bh4 22. b5 Bxe1 23. Qxe1 Bxd5 24. cxd5 Qxd5 25. bxc6 Qc5+ 26. Kh1 Qxa3 27. Bc4+ Kh7 28. fxe5 Qc5 29. Qh4 dxe5 30. Bb4 Qxb4 31. Bg8+ Kxg8 32. Qxb4 bxc6 33. Qd6 Rf7 34. Qxh6 e4 35. Qg6+ Kf8 36. Qd6+ Kg7 37. Qg3+ Kf8 38. Qd6+ Re7 39. Qf6+ Ke8 40. Qxf5 Rd8 41. Qc5 Re6 42. Qh5+ Kd7 43. Qf7+ Re7 44. Qf5+ Kc7 45. Qa5+ Kc8 46. Qa6+ Kb8 47. Qxc6 e3 48. Qb5+ Kc7 49. Qc5+ Kd7 50. Qf5+ Re6 51. Qd5+ Ke7 52. Qg5+ Ke8 53. Qh5+ Kf8 54. Qf5+ Ke7 55. Qg5+ Ke8 1/2-1/2

[Event "Bergamo op 11th"]
[Site "Bergamo"]
[Date "2012.07.15"]
[Round "5"]
[White "Daskevics, Vadims"]
[Black "Neiksans, Arturs"]
[Result "0-1"]
[WhiteElo "2457"]
[BlackElo "2534"]
[PlyCount "80"]
[EventDate "2012.07.13"]
[EventType "swiss"]
[EventRounds "6"]
[EventCountry "ITA"]
[SourceTitle "CBM 149 Extra"]
[Source "ChessBase"]
[SourceDate "2012.08.24"]
[SourceVersion "1"]
[SourceVersionDate "2012.08.24"]
[SourceQuality "1"]

1. d4 f5 2. Nc3 Nf6 3. Bg5 d5 4. Bxf6 exf6 5. e3 Be6 6. Nh3 Qd7 7. Nf4 Bf7 8. h4 h5 9. Qf3 c6 10. g3 g6 11. 0-0-0 Qc7 12. Bd3 Nd7 13. Qg2 0-0-0 14. g4 fxg4 15. Bxg6 Bxg6 16. Nxg6 Rh6 17. Nf4 f5 18. Rd3 Kb8 19. Nce2 Bd6 20. Kb1 Nf8 21. Rc1 Bxf4 22. Nxf4 Ne6 23. Nxe6 Rxe6 24. c4 dxc4 25. Rxc4 f4 26. Rc5 Qh7 27. Kc2 b6 28. Rg5 fxe3 29. Qg3+ Kb7 30. fxe3 Rf8 31. d5 Rd8 32. e4 cxd5 33. exd5 Re2+ 34. Kb3 Rd7 35. d6 Qe4 36. Rgd5 a5 37. R5d4 Qc6 38. Rd2 a4+ 39. Ka3 Qc5+ 40. b4 Qc1+ 0-1

[Event "Bergamo op 11th"]
[Site "Bergamo"]
[Date "2012.07.13"]
[Round "1"]
[White "Cattaneo, Marco"]
[Black "Daskevics, Vadims"]
[Result "1-0"]
[WhiteElo "2032"]
[BlackElo "2457"]
[PlyCount "55"]
[EventDate "2012.07.13"]
[EventType "swiss"]
[EventRounds "6"]
[EventCountry "ITA"]
[SourceTitle "CBM 149 Extra"]
[Source "ChessBase"]
[SourceDate "2012.08.24"]
[SourceVersion "1"]
[SourceVersionDate "2012.08.24"]
[SourceQuality "1"]

1. d4 Nf6 2. Nf3 g6 3. c4 c5 4. d5 b5 5. cxb5 a6 6. b6 Bg7 7. Nc3 0-0 8. e4 d6 9. Nd2 Nfd7 10. a4 a5 11. Bb5 Nxb6 12. 0-0 Bb7 13. Nc4 Nxc4 14. Bxc4 Na6 15. f4 Nb4 16. f5 Ba6 17. Nb5 Qd7 18. Ra3 Bxb5 19. axb5 Bd4+ 20. Kh1 f6 21. Rg3 g5 22. h4 h6 23. hxg5 fxg5 24. Bxg5 hxg5 25. Rxg5+ Bg7 26. Rxg7+ Kxg7 27. Qg4+ Kf6 28. e5+ 1-0

[Event "Kragero Grand Prix A"]
[Site "Kragero"]
[Date "2011.08.??"]
[Round "3"]
[White "Liabotro, Pal Ole"]
[Black "Daskevics, Vadims"]
[Result "1/2-1/2"]
[WhiteElo "1949"]
[BlackElo "2407"]
[PlyCount "50"]
[EventDate "2011.08.26"]
[EventType "swiss"]
[EventRounds "5"]
[EventCountry "NOR"]
[SourceTitle "EXT 2024"]
[Source "ChessBase"]
[SourceDate "2023.10.10"]
[SourceVersion "1"]
[SourceVersionDate "2023.10.10"]
[SourceQuality "1"]

1. c4 g6 2. g3 Bg7 3. Bg2 Nf6 4. Nc3 0-0 5. d4 d6 6. Nf3 Nc6 7. 0-0 a6 8. b3 Bf5 9. Bb2 Rb8 10. Rc1 Ne4 11. Nd5 Bd7 12. Nd2 Nxd2 13. Qxd2 e6 14. Nb4 Ne7 15. e3 c6 16. Rfd1 Re8 17. Nd3 Nf5 18. Nf4 d5 19. e4 dxe4 20. Bxe4 Qg5 21. Ng2 Qe7 22. Ne3 Nxe3 23. Qxe3 Rbd8 24. Bc3 Bc8 25. Bf3 Qc7 1/2-1/2

[Event "NOR-chT Clubs"]
[Site "Drammen"]
[Date "2010.10.09"]
[Round "4"]
[White "Kovachev, Daniel Jakobsen"]
[Black "Daskevics, Vadims"]
[Result "1/2-1/2"]
[WhiteElo "2315"]
[BlackElo "2379"]
[PlyCount "26"]
[EventDate "2010.10.08"]
[EventType "team"]
[EventRounds "6"]
[EventCountry "NOR"]
[SourceTitle "EXT 2015"]
[Source "ChessBase"]
[SourceDate "2014.11.20"]
[SourceVersion "1"]
[SourceVersionDate "2014.11.20"]
[SourceQuality "1"]
[WhiteTeam "OSS II"]
[BlackTeam "Stavanger"]
[WhiteTeamCountry "NOR"]
[BlackTeamCountry "NOR"]

1. e4 c5 2. Nf3 Nc6 3. Bb5 g6 4. Bxc6 bxc6 5. 0-0 Bg7 6. Re1 Rb8 7. c3 Nh6 8. d4 cxd4 9. cxd4 0-0 10. Nc3 d6 11. h3 f6 12. b3 Nf7 13. Bb2 e5 1/2-1/2

[Event "Balaguer op 15th"]
[Site "Balaguer"]
[Date "2010.07.20"]
[Round "2"]
[White "Daskevics, Vadims"]
[Black "Leon Hoyos, Manuel"]
[Result "0-1"]
[WhiteElo "2414"]
[BlackElo "2556"]
[PlyCount "80"]
[EventDate "2010.07.19"]
[EventType "swiss"]
[EventRounds "9"]
[EventCountry "ESP"]
[SourceTitle "CBM 137 Extra"]
[Source "ChessBase"]
[SourceDate "2010.09.01"]
[SourceVersion "1"]
[SourceVersionDate "2010.09.01"]
[SourceQuality "1"]

1. Nf3 c5 2. c4 Nc6 3. Nc3 g6 4. e3 Nf6 5. d4 cxd4 6. exd4 d5 7. cxd5 Nxd5 8. Qb3 Nxc3 9. Bc4 Nd5 10. Bxd5 e6 11. Bxc6+ bxc6 12. Qa4 Qd5 13. 0-0 Bd6 14. Bh6 g5 15. Bg7 Rg8 16. Be5 Be7 17. Rfe1 Bb7 18. Rad1 f6 19. Bg3 h5 20. h4 gxh4 21. Nxh4 Kf7 22. Re3 Rg4 23. Rde1 Bc8 24. Qc2 Bb4 25. Rc1 Bd7 26. Rb3 a5 27. a3 Be7 28. Rb7 Rag8 29. Rxd7 Qxd7 30. Qh7+ R8g7 31. Qxh5+ Kg8 32. Nf3 a4 33. Re1 c5 34. Rxe6 cxd4 35. Ra6 d3 36. Ra8+ Bf8 37. Qc5 Rf7 38. Nd2 Kg7 39. Qh5 Qd4 40. Nf3 d2 0-1

[Event "Lazy op-A 6th"]
[Site "Lazy"]
[Date "2010.06.30"]
[Round "4"]
[White "Socko, Monika"]
[Black "Daskevics, Vadims"]
[Result "0-1"]
[WhiteElo "2485"]
[BlackElo "2386"]
[PlyCount "106"]
[EventDate "2010.06.27"]
[EventType "swiss"]
[EventRounds "9"]
[EventCountry "POL"]
[SourceTitle "CBM 137 Extra"]
[Source "ChessBase"]
[SourceDate "2010.09.01"]
[SourceVersion "1"]
[SourceVersionDate "2010.09.01"]
[SourceQuality "1"]

1. e4 c5 2. Nf3 Nc6 3. Bb5 g6 4. Bxc6 dxc6 5. d3 Bg7 6. h3 Nf6 7. Nc3 Nd7 8. Be3 e5 9. Qd2 h6 10. 0-0 Qe7 11. a3 a5 12. Rfb1 b5 13. Ne2 a4 14. b3 axb3 15. cxb3 f5 16. Qc1 f4 17. Bd2 0-0 18. b4 Rd8 19. Qc2 Bb7 20. Rc1 cxb4 21. Bxb4 Qf7 22. Bc3 Ra4 23. Rd1 Kh7 24. Qb2 Qe7 25. d4 exd4 26. Bxd4 Nf6 27. e5 Nd5 28. Rac1 Nc7 29. Nxf4 Raxd4 30. Nxd4 Qxe5 31. Nfe2 c5 32. Qc2 Qg5 33. f3 Qe3+ 34. Kh1 Bxd4 35. Nxd4 Rxd4 36. Re1 Qg5 37. Qe2 Rd7 38. Rcd1 Rf7 39. Rd6 c4 40. Qd1 Nd5 41. Re8 Nf4 42. Qc2 Nd3 43. Rdd8 Qc1+ 44. Qxc1 Nxc1 45. Rh8+ Kg7 46. Rdg8+ Kf6 47. Rxh6 Rg7 48. Rf8+ Ke5 49. f4+ Kd4 50. Rh4 Be4 51. f5 gxf5 52. Rxf5 Rxg2 53. Rff4 Rg4+ 0-1

[Event "Baltija Cup"]
[Site "Palanga"]
[Date "2010.06.21"]
[Round "3"]
[White "Kaunas, Kestutis"]
[Black "Daskevics, Vadims"]
[Result "1/2-1/2"]
[WhiteElo "2258"]
[BlackElo "2386"]
[PlyCount "59"]
[EventDate "2010.06.20"]
[EventType "tourn"]
[EventRounds "9"]
[EventCountry "LTU"]
[SourceTitle "EXT 2013"]
[Source "ChessBase"]
[SourceDate "2012.11.22"]
[SourceVersion "1"]
[SourceVersionDate "2012.11.22"]
[SourceQuality "1"]

1. d4 Nf6 2. c4 c5 3. e3 g6 4. Nc3 Bg7 5. Nf3 0-0 6. Be2 d5 7. dxc5 Qa5 8. cxd5 Nxd5 9. Qxd5 Bxc3+ 10. Bd2 Rd8 11. Qxd8+ Qxd8 12. Bxc3 Bf5 13. 0-0 Nd7 14. b4 Nf6 15. Rfd1 Qe8 16. Bxf6 exf6 17. Nd4 Qe5 18. Nxf5 Qxf5 19. Bf3 Rb8 20. Rac1 Qe6 21. b5 f5 22. c6 bxc6 23. bxc6 Rc8 24. c7 Qe7 25. Bd5 Rxc7 26. Rxc7 Qxc7 27. Bb3 Kf8 28. g3 Ke7 29. h4 Qc6 30. Rd4 1/2-1/2

[Event "Lazy op-A 6th"]
[Site "Lazy"]
[Date "2010.??.??"]
[Round "9"]
[White "Daskevics, Vadims"]
[Black "Mickiewicz, Piotr"]
[Result "1-0"]
[WhiteElo "2386"]
[BlackElo "2322"]
[PlyCount "85"]
[EventDate "2010.06.27"]
[EventType "swiss"]
[EventRounds "9"]
[EventCountry "POL"]
[SourceTitle "CBM 137 Extra"]
[Source "ChessBase"]
[SourceDate "2010.09.01"]
[SourceVersion "1"]
[SourceVersionDate "2010.09.01"]
[SourceQuality "1"]

1. Nf3 Nf6 2. c4 g6 3. g3 Bg7 4. Bg2 0-0 5. 0-0 d6 6. d4 Nbd7 7. Nc3 e5 8. e3 Re8 9. a4 a5 10. b3 c6 11. Ba3 exd4 12. exd4 Nb6 13. Ra2 Bg4 14. h3 Bxf3 15. Qxf3 d5 16. Qd3 Qc7 17. Bc1 Rad8 18. Bf4 Qd7 19. c5 Nc8 20. Rb1 Ne4 21. b4 Qf5 22. Rb3 axb4 23. Rxb4 Re7 24. Nxe4 dxe4 25. Qe3 Qd5 26. Rd2 h5 27. Bf1 Kh7 28. Qe1 Red7 29. Qb1 Ne7 30. Be3 Qf5 31. Bg2 Nd5 32. Bxe4 Qxh3 33. Bxd5 Rxd5 34. Rxb7 h4 35. Qf1 Qe6 36. Re2 hxg3 37. fxg3 Rf5 38. Qg2 Rxd4 39. Qh3+ Rh5 40. Qxe6 Rd1+ 41. Kg2 fxe6 42. Bf4 Rdd5 43. Rxe6 1-0

[Event "Pardubice Czech op-A"]
[Site "Pardubice"]
[Date "2009.07.30"]
[Round "7"]
[White "Daskevics, Vadims"]
[Black "Kanovsky, David"]
[Result "1/2-1/2"]
[WhiteElo "2341"]
[BlackElo "2483"]
[PlyCount "188"]
[EventDate "2009.07.24"]
[EventType "swiss"]
[EventRounds "9"]
[EventCountry "CZE"]
[SourceTitle "CBM 131 Extra"]
[Source "ChessBase"]
[SourceDate "2009.09.03"]
[SourceVersion "2"]
[SourceVersionDate "2009.09.16"]
[SourceQuality "1"]

1. d4 Nf6 2. Nf3 g6 3. c4 c5 4. d5 d6 5. Nc3 e6 6. e4 exd5 7. cxd5 Bg7 8. h3 0-0 9. Bd3 b5 10. Nxb5 Re8 11. 0-0 Nxe4 12. Re1 a6 13. Na3 Nf6 14. Rxe8+ Nxe8 15. Bg5 Nf6 16. Nc4 Bb7 17. Bc2 Qc7 18. Qd2 Nbd7 19. Bf4 Bf8 20. Ne3 Re8 21. Rc1 Qc8 22. Ba4 Re4 23. Rc4 Nb6 24. Rxe4 Nxe4 25. Qc2 Nf6 26. Bb3 Nbxd5 27. Qc4 Qd7 28. Ng5 Bh6 29. h4 Kg7 30. Nxd5 Nxd5 31. Bd2 f6 32. Bc3 Qe8 33. Ba4 Qe7 34. Bb3 Qe8 35. Bd2 Bxg5 36. hxg5 fxg5 37. Bxg5 Qe1+ 38. Kh2 Qe5+ 39. f4 Qe6 40. Qd3 h6 41. Bxd5 Qxd5 42. Qxd5 Bxd5 43. Be7 Bxa2 44. Bxd6 c4 45. Kg3 Kf6 46. Kf3 h5 47. g3 Kf5 48. Bb4 Bb3 49. Bc3 Bd1+ 50. Ke3 Kg4 51. Kf2 Bf3 52. Bd2 Bd5 53. Ba5 Be4 54. Be1 Bd3 55. Bd2 Bc2 56. Ba5 Bd1 57. Bd2 Bf3 58. Ba5 h4 59. gxh4 Kxf4 60. Bc3 Ke4 61. Ba5 Bh5 62. Ke1 Kd3 63. Bb4 Kc2 64. Bc3 Bg4 65. Ba5 Kxb2 66. Kd2 Kb3 67. Bc3 Bf5 68. Ba5 Ka4 69. Bd8 Kb4 70. Bf6 a5 71. Bc3+ Kb5 72. Kc1 a4 73. Kb2 Kc5 74. Ka3 Bc2 75. Bg7 Kd5 76. Kb4 Bb3 77. Bb2 Ke4 78. Kc3 Kf4 79. Kb4 Kf5 80. Bc1 Ke4 81. Kc3 Kf3 82. Kb4 Ke2 83. Kc3 Ke1 84. Bb2 Kf2 85. Kb4 Kg3 86. Bf6 Kf4 87. Bb2 Kf5 88. Bc1 Kg4 89. Bg5 Kg3 90. Be7 Kf2 91. Kc3 Ke3 92. Ba3 Kf4 93. Be7 Kg4 94. Kb4 Kf5 1/2-1/2

[Event "Pardubice Czech op-A"]
[Site "Pardubice"]
[Date "2009.07.26"]
[Round "3"]
[White "Daskevics, Vadims"]
[Black "Lintchevski, Daniil"]
[Result "1-0"]
[WhiteElo "2341"]
[BlackElo "2484"]
[PlyCount "80"]
[EventDate "2009.07.24"]
[EventType "swiss"]
[EventRounds "9"]
[EventCountry "CZE"]
[SourceTitle "CBM 131 Extra"]
[Source "ChessBase"]
[SourceDate "2009.09.03"]
[SourceVersion "2"]
[SourceVersionDate "2009.09.16"]
[SourceQuality "1"]

1. Nf3 d5 2. c4 c6 3. e3 Nf6 4. Nc3 a6 5. b3 Bg4 6. h3 Bxf3 7. Qxf3 e6 8. Bb2 Nbd7 9. cxd5 cxd5 10. g4 h6 11. Be2 Bd6 12. h4 Be5 13. d4 Bd6 14. g5 Ng8 15. e4 Nb6 16. g6 f6 17. Qh3 dxe4 18. Qxe6+ Qe7 19. Qxe4 f5 20. Qxe7+ Nxe7 21. Bf3 0-0-0 22. h5 Nc6 23. Bxc6 bxc6 24. 0-0-0 Be7 25. d5 cxd5 26. Ne2 Rhg8 27. Nd4 Bf6 28. Rhe1 Kd7 29. Nxf5 Rdf8 30. Bxf6 Rxf6 31. Re7+ Kd8 32. Re5 Rgf8 33. Nxg7 Kd7 34. Rde1 Rxf2 35. Re7+ Kc6 36. Ne6 Rc8 37. Kb1 d4 38. Nxd4+ Kc5 39. R7e2 Rxe2 40. Nxe2 Re8 1-0

[Event "Peterhof op"]
[Site "Peterhof"]
[Date "2009.01.07"]
[Round "7"]
[White "Daskevics, Vadims"]
[Black "Timofeev, Andrei"]
[Result "1-0"]
[WhiteElo "2326"]
[BlackElo "2216"]
[PlyCount "97"]
[EventDate "2009.01.03"]
[EventType "swiss"]
[EventRounds "9"]
[EventCountry "RUS"]
[SourceTitle "CBM 128 Extra"]
[Source "ChessBase"]
[SourceDate "2009.03.05"]
[SourceVersion "2"]
[SourceVersionDate "2009.03.25"]
[SourceQuality "1"]

1. d4 d5 2. c4 c6 3. Nc3 e5 4. cxd5 cxd5 5. Nf3 e4 6. Ne5 Nc6 7. Bf4 Nf6 8. e3 Qb6 9. a3 Be6 10. b4 Rc8 11. Na4 Qd8 12. Nxc6 Rxc6 13. Bb5 Bd7 14. Bxc6 Bxc6 15. Nc3 a6 16. 0-0 Bd6 17. Bxd6 Qxd6 18. f3 exf3 19. Qxf3 0-0 20. Qf4 Qe7 21. Rf3 Nd7 22. g4 h6 23. Raf1 Nb6 24. Rg3 f6 25. h4 Nc4 26. e4 dxe4 27. d5 Bd7 28. Nxe4 Ne5 29. g5 Ng6 30. Qe3 hxg5 31. hxg5 f5 32. Nf6+ gxf6 33. Qxe7 Nxe7 34. gxf6+ Kf7 35. fxe7 Kxe7 36. Rg7+ Kd6 37. Rg6+ Ke5 38. Re1+ Kf4 39. Re7 Be8 40. Rgg7 Bb5 41. d6 Rc8 42. Rc7 Re8 43. Rge7 Rg8+ 44. Kf2 Rg6 45. d7 Rd6 46. Rxb7 Rd2+ 47. Ke1 Rd3 48. Rc7 Kf3 49. Rc3 1-0

[Event "Peterhof op"]
[Site "Peterhof"]
[Date "2009.01.03"]
[Round "1"]
[White "Daskevics, Vadims"]
[Black "Fedorov, Sergey"]
[Result "1-0"]
[WhiteElo "2326"]
[BlackElo "2134"]
[PlyCount "57"]
[EventDate "2009.01.03"]
[EventType "swiss"]
[EventRounds "9"]
[EventCountry "RUS"]
[SourceTitle "CBM 128 Extra"]
[Source "ChessBase"]
[SourceDate "2009.03.05"]
[SourceVersion "2"]
[SourceVersionDate "2009.03.25"]
[SourceQuality "1"]

1. d4 e6 2. Nf3 Nc6 3. c4 d5 4. Nc3 Nf6 5. Bg5 Be7 6. e3 0-0 7. Rc1 h6 8. Bf4 Nh5 9. Be5 Nf6 10. h3 dxc4 11. Bxc4 Nxe5 12. dxe5 Qxd1+ 13. Rxd1 Nh7 14. Ke2 a6 15. Bd3 f5 16. g4 fxg4 17. hxg4 Ng5 18. Nxg5 Bxg5 19. Ne4 Be7 20. Rc1 c6 21. f4 Bd7 22. Bc4 Rad8 23. f5 Bc8 24. Rcf1 b5 25. f6 gxf6 26. exf6 Bd6 27. Rxh6 bxc4 28. Ng5 Be5 29. Rg6+ 1-0

[Event "Warsaw AIG Life rapid 8th"]
[Site "Warsaw"]
[Date "2008.12.21"]
[Round "12"]
[White "Gdanski, Jacek"]
[Black "Daskevics, Vadims"]
[Result "1/2-1/2"]
[WhiteElo "2507"]
[BlackElo "2326"]
[PlyCount "116"]
[EventDate "2008.12.20"]
[EventType "swiss (rapid)"]
[EventRounds "13"]
[EventCountry "POL"]
[SourceTitle "CBM 127 Extra"]
[Source "ChessBase"]
[SourceDate "2009.01.08"]
[SourceVersion "2"]
[SourceVersionDate "2009.01.28"]
[SourceQuality "1"]

1. e4 c5 2. Nc3 Nc6 3. Nf3 d6 4. d4 cxd4 5. Nxd4 Nf6 6. Bc4 e6 7. Be3 Be7 8. Qe2 a6 9. 0-0-0 Qc7 10. Bb3 0-0 11. g4 Nxd4 12. Rxd4 b5 13. g5 Nd7 14. Rg1 Nc5 15. Qh5 Bb7 16. e5 Nxb3+ 17. axb3 dxe5 18. Rh4 h6 19. gxh6 g6 20. Rxg6+ Kh8 21. Rg7 b4 22. Rc4 Qa5 23. Na4 Qd5 24. Kb1 Rad8 25. Ka2 Qf3 26. Qxf3 Bxf3 27. Rc7 Rde8 28. Bc5 Bxc5 29. Nxc5 Bh5 30. Nd7 Rc8 31. Rxc8 Rxc8 32. Nxe5 Rxc2 33. Nxf7+ Bxf7 34. Rxf7 Rc5 35. Rf6 Re5 36. f4 Re2 37. h4 Kh7 38. h5 Re1 39. Rg6 Re4 40. Kb1 Re2 41. Rf6 a5 42. Kc1 Rf2 43. Rxe6 Rxf4 44. Re5 Rf1+ 45. Kd2 Rf2+ 46. Kc1 Rf1+ 47. Kc2 Rf2+ 48. Kd3 Rxb2 49. Kc4 Rc2+ 50. Kb5 Ra2 51. Re6 Ra3 52. Kc4 a4 53. Kxb4 Rxb3+ 54. Kxa4 Rh3 55. Kb4 Rh4+ 56. Kc5 Rxh5+ 57. Kd6 Rxh6 58. Rxh6+ Kxh6 1/2-1/2

[Event "Warsaw AIG Life rapid 8th"]
[Site "Warsaw"]
[Date "2008.12.21"]
[Round "9"]
[White "Warakomski, Tomasz"]
[Black "Daskevics, Vadims"]
[Result "0-1"]
[WhiteElo "2488"]
[BlackElo "2326"]
[PlyCount "70"]
[EventDate "2008.12.20"]
[EventType "swiss (rapid)"]
[EventRounds "13"]
[EventCountry "POL"]
[SourceTitle "CBM 127 Extra"]
[Source "ChessBase"]
[SourceDate "2009.01.08"]
[SourceVersion "2"]
[SourceVersionDate "2009.01.28"]
[SourceQuality "1"]

1. e4 c5 2. Nf3 Nc6 3. Bb5 g6 4. Bxc6 bxc6 5. 0-0 Bg7 6. Re1 Nf6 7. d3 0-0 8. Nc3 Rb8 9. Qe2 d6 10. h3 e5 11. b3 Ne8 12. Bg5 f6 13. Bh4 Nc7 14. Na4 Ne6 15. c3 Ba6 16. Rad1 Bh6 17. Qc2 Qa5 18. d4 exd4 19. cxd4 Nxd4 20. Nxd4 cxd4 21. Qxc6 Bd2 22. Rxd2 Qxd2 23. Ra1 Bb5 24. Qxd6 Bxa4 25. bxa4 g5 26. Bg3 Rbd8 27. Qe6+ Rf7 28. Rf1 d3 29. f4 Qe3+ 30. Kh2 d2 31. Rd1 Rd3 32. Qc8+ Kg7 33. Qg4 h5 34. Qf3 Qxf3 35. gxf3 Rc7 0-1

[Event "Warsaw AIG Life rapid 8th"]
[Site "Warsaw"]
[Date "2008.12.20"]
[Round "3"]
[White "Kempinski, Robert"]
[Black "Daskevics, Vadims"]
[Result "1/2-1/2"]
[WhiteElo "2595"]
[BlackElo "2326"]
[PlyCount "110"]
[EventDate "2008.12.20"]
[EventType "swiss (rapid)"]
[EventRounds "13"]
[EventCountry "POL"]
[SourceTitle "CBM 127 Extra"]
[Source "ChessBase"]
[SourceDate "2009.01.08"]
[SourceVersion "2"]
[SourceVersionDate "2009.01.28"]
[SourceQuality "1"]

1. d4 Nf6 2. Nf3 c5 3. d5 g6 4. c4 b5 5. cxb5 a6 6. bxa6 Bg7 7. Nc3 Bxa6 8. g3 d6 9. Bg2 Nbd7 10. Rb1 Nb6 11. b3 Bc8 12. Nh4 h6 13. Qc2 Bb7 14. Qd2 Qc8 15. Bb2 g5 16. Nf3 0-0 17. h4 g4 18. Nh2 e6 19. Nb5 Rxa2 20. Nxd6 Qb8 21. Nxb7 Qxb7 22. 0-0 exd5 23. Qf4 Qe7 24. Nxg4 Rxb2 25. Rxb2 Nxg4 26. Qxg4 h5 27. Qxh5 Bxb2 28. Bxd5 Nxd5 29. Qxd5 Qxe2 30. Qxc5 Qd2 31. Qf5 Re8 32. Qg4+ Kf8 33. Rd1 Qe2 34. Qxe2 Rxe2 35. Kg2 Ba3 36. Rd5 Bb4 37. g4 Rb2 38. Rd3 Kg7 39. Rf3 Bd6 40. g5 Bc5 41. Rf5 Bd4 42. Rf4 Bc3 43. Rf3 Rxb3 44. h5 Ra3 45. Kh3 Bb2 46. Rxa3 Bxa3 47. Kg4 Bc5 48. f4 Bd4 49. f5 Bc3 50. h6+ Kh7 51. Kh5 Bd4 52. g6+ fxg6+ 53. fxg6+ Kg8 54. g7 Bxg7 55. hxg7 Kxg7 1/2-1/2

[Event "WMSG Rapid Team 1st"]
[Site "Beijing"]
[Date "2008.10.16"]
[Round "7"]
[White "Daskevics, Vadims"]
[Black "Manca, Federico"]
[Result "1-0"]
[WhiteElo "2326"]
[BlackElo "2373"]
[PlyCount "89"]
[EventDate "2008.10.14"]
[EventType "team (rapid)"]
[EventRounds "9"]
[EventCountry "CHN"]
[SourceTitle "CBM 126 Extra"]
[Source "ChessBase"]
[SourceDate "2008.11.05"]
[SourceVersion "1"]
[SourceVersionDate "2008.11.05"]
[SourceQuality "1"]

1. d4 d5 2. c4 e6 3. Nc3 c5 4. cxd5 exd5 5. Nf3 Nc6 6. g3 Nf6 7. Bg2 Be7 8. dxc5 Bxc5 9. 0-0 0-0 10. Bg5 d4 11. Na4 Be7 12. Rc1 h6 13. Bf4 Bg4 14. Ne5 Nxe5 15. Bxe5 Qa5 16. Bxd4 Rad8 17. Bc3 Qh5 18. Qc2 Bxe2 19. Rfe1 Bd3 20. Qd1 Qxd1 21. Rcxd1 Bc2 22. Rxd8 Bxd8 23. Nc5 Bb6 24. b4 a5 25. Bxf6 gxf6 26. Nd7 Bd8 27. Nxf8 Kxf8 28. bxa5 Bxa5 29. Rc1 Bd3 30. Bxb7 Ke7 31. a4 Bb6 32. Bd5 Ba5 33. Rc5 Bb6 34. Rc6 Ba5 35. Bc4 Be4 36. Ra6 Bc7 37. Bxf7 Bf3 38. Bc4 Be5 39. a5 Kd7 40. Rb6 Kc7 41. Bf1 Bd4 42. Rb3 Bb7 43. a6 Bc8 44. Rb4 Bb6 45. Rh4 1-0

[Event "WMSG Blitz Team 1st"]
[Site "Beijing"]
[Date "2008.10.13"]
[Round "8"]
[White "Daskevics, Vadims"]
[Black "Manca, Federico"]
[Result "1-0"]
[WhiteElo "2326"]
[BlackElo "2373"]
[PlyCount "79"]
[EventDate "2008.10.13"]
[EventType "tourn (blitz)"]
[EventRounds "11"]
[EventCountry "CHN"]
[SourceTitle "CBM 126 Extra"]
[Source "ChessBase"]
[SourceDate "2008.11.05"]
[SourceVersion "1"]
[SourceVersionDate "2008.11.05"]
[SourceQuality "1"]

1. d4 Nf6 2. c4 c5 3. Nf3 cxd4 4. Nxd4 e5 5. Nb5 d5 6. cxd5 Bc5 7. e3 e4 8. a3 0-0 9. N5c3 Re8 10. b4 Bd6 11. Bb2 Bf5 12. Nd2 Nbd7 13. Nc4 Ne5 14. Nxd6 Qxd6 15. Be2 Rad8 16. Nb5 Qb8 17. d6 Bg4 18. 0-0 Qc8 19. Nc7 Bxe2 20. Qxe2 Rxd6 21. Nxe8 Qxe8 22. Bxe5 Qxe5 23. Rad1 h5 24. Rxd6 Qxd6 25. Rd1 Qe5 26. h3 Kh7 27. Qc2 a6 28. Qc4 Kg6 29. a4 h4 30. b5 axb5 31. Qxb5 Qc7 32. Rb1 Qc2 33. a5 Nd5 34. Qb3 Qc5 35. Ra1 Qc6 36. Qa4 Qe6 37. Qb5 Kh7 38. Qxb7 Nc3 39. Qb2 Qe5 40. Rc1 1-0

[Event "Pardubice Chladek&Tintera op-A 19th"]
[Site "Pardubice"]
[Date "2008.07.23"]
[Round "6"]
[White "Daskevics, Vadims"]
[Black "Nabaty, Tamir"]
[Result "0-1"]
[WhiteElo "2332"]
[BlackElo "2431"]
[PlyCount "120"]
[EventDate "2008.07.18"]
[EventType "swiss"]
[EventRounds "9"]
[EventCountry "CZE"]
[SourceTitle "CBM 125 Extra"]
[Source "ChessBase"]
[SourceDate "2008.09.01"]
[SourceVersion "1"]
[SourceVersionDate "2008.09.01"]
[SourceQuality "1"]

1. d4 Nf6 2. c4 c5 3. d5 e6 4. Nc3 exd5 5. cxd5 d6 6. Nf3 g6 7. Bf4 a6 8. e4 b5 9. Qe2 Be7 10. e5 dxe5 11. Bxe5 Nbd7 12. 0-0-0 Nxe5 13. Nxe5 Qd6 14. g3 0-0 15. Bg2 c4 16. Rhe1 Bd8 17. Nc6 Bf5 18. Qe5 Ne8 19. Ne7+ Bxe7 20. Qxe7 Rc8 21. Qxd6 Nxd6 22. Ne2 Bg4 23. f3 Bd7 24. Nd4 Rfe8 25. f4 Kf8 26. Bf3 Nb7 27. Kd2 Nc5 28. Rxe8+ Rxe8 29. b3 cxb3 30. axb3 Ke7 31. b4 Na4 32. Rc1 Kd6 33. Nb3 Rc8 34. Rxc8 Bxc8 35. Kd3 Bb7 36. Kd4 Nb6 37. Nc5 Bxd5 38. Bxd5 Nxd5 39. Nxa6 Ne7 40. Ke4 Nc6 41. g4 Ne7 42. f5 gxf5+ 43. gxf5 Nc6 44. Kf4 h6 45. Ke4 h5 46. Kf4 Ne5 47. Ke4 Nd7 48. Kd4 Kc6 49. h3 Kb6 50. Kd5 Kxa6 51. Kd6 Nf6 52. Ke7 Nd5+ 53. Kxf7 Nxb4 54. Ke6 Nc6 55. f6 Kb6 56. Kd6 Nd8 57. Kd7 Nf7 58. Ke7 Nh6 59. Kf8 b4 60. Kg7 Nf5+ 0-1